El ensayador

Saved in:
Bibliographic Details
Main Author: Galilei, Galileo (Author)
Format: Book
Language:Spanish
Published: Madrid Sarpe 1984
Edition:1a. ed
Series:Los Grandes Pensadores
Subjects:
Tags: Add Tag
No Tags, Be the first to tag this record!

MARC

LEADER 00000cam a2200000 a 4500
001 UCH1250
003 CL-VaPUC
008 090416e19840000SP |||||||||||||||||spa|d
020 |a 8449973856 
082 0 4 |a 501  |b GAL  |2 21 
100 |a Galilei, Galileo  |e author  |9 264973 
245 1 3 |a El ensayador 
250 |a 1a. ed 
300 |a 342 p 
942 |c BK 
945 |d 20090416 00:00:00  |a rbrito 
260 |a Madrid  |b Sarpe  |c 1984 
650 0 |a Filosofía de las ciencias  |9 256466 
583 |a last modification  |c 20140616 12:59:11  |k Rodrigo Vera 
490 0 |a Los Grandes Pensadores 
999 |c 333309  |d 333307 
952 |0 0  |1 0  |4 0  |6 501_000000000000000_GAL_1984  |7 0  |8 A  |9 421637  |a BIBCUR  |b BIBCUR  |d 2019-11-22  |i 4528360  |o 501 GAL 1984  |p 4528360  |r 2025-04-22  |w 2019-11-22  |y BK  |k FIS 
952 |0 0  |1 0  |3 erd  |4 0  |6 501_000000000000000_GAL_1984  |7 0  |8 X  |9 421638  |a FDOBUD  |b FDOBUD  |i 5042674  |o 501 GAL 1984  |p 5042674  |r 2019-11-22  |w 2019-11-22  |y BK_X  |z Catalogado en:20140619  |k BUD